000 00371 a2200169 4500
001 157208
020 _a8576665069
040 _cEscola São Tomás de Aquino
100 _aALENCAR, José de
240 1 0 _aSenhora
_lpor
245 1 0 _aSenhora
300 _a240 p.
362 0 _a2006
440 1 _aEscala Educacional
697 _aLITERATURA BRASILEIRA
942 _cBK
999 _c157208
_d157208